000 00334nam a2200133Ia 4500
008 190216s9999||||xx |||||||||||||| ||und||
100 _a"Venugopalan K,Basheer V"
245 0 _aIndian Financial System
250 _a1ST
260 _bCalicut University Central Co-Operative
_c2006
300 _a400
650 _aCommerce
942 _cBK
999 _c8225
_d8225